[Event "ESP-ch U16 Rapid"]
[Site "Salobrena"]
[Date "2022.07.30"]
[Round "2"]
[White "Habans Aguerrea, Javier"]
[Black "Arguelles Gonzalez, Victor"]
[Result "1-0"]
[WhiteElo "1709"]
[BlackElo "1475"]
[PlyCount "67"]
[EventDate "2022.07.30"]
[EventType "swiss (rapid)"]
[EventRounds "9"]
[EventCountry "ESP"]
[SourceTitle "EXT 2023"]
[Source "ChessBase"]
[SourceDate "2022.10.05"]
[SourceVersion "1"]
[SourceVersionDate "2022.10.05"]
[SourceQuality "1"]

1. d4 Nf6 2. Bg5 g6 3. Bxf6 exf6 4. c4 Bg7 5. Nc3 0-0 6. g3 Nc6 7. Bg2 d6 8. e3 f5 9. Nge2 Bd7 10. 0-0 Rb8 11. a3 a5 12. Rb1 b6 13. b4 axb4 14. axb4 Ne7 15. b5 Bc8 16. Qd3 Bb7 17. Bxb7 Rxb7 18. Nf4 Ra7 19. Nfd5 Nxd5 20. Nxd5 Qd7 21. Ra1 Rfa8 22. Qc3 h6 23. Rxa7 Rxa7 24. Ra1 Rb7 25. Qa3 Rb8 26. Qa7 Re8 27. Qxc7 Qe6 28. Ra7 Bxd4 29. Nf4 Qf6 30. exd4 g5 31. Nd5 Re1+ 32. Kg2 Qe6 33. Qd8+ Kh7 34. Re7 1-0

[Event "Seville op 47th"]
[Site "Seville"]
[Date "2022.07.16"]
[Round "1"]
[White "Arguelles Gonzalez, Victor"]
[Black "Matamoros Franco, Carlos S"]
[Result "0-1"]
[WhiteElo "1809"]
[BlackElo "2459"]
[PlyCount "146"]
[EventDate "2022.07.16"]
[EventType "swiss"]
[EventRounds "9"]
[EventCountry "ESP"]
[SourceTitle "CBM 209 Extra"]
[Source "ChessBase"]
[SourceDate "2022.09.30"]
[SourceVersion "1"]
[SourceVersionDate "2022.09.30"]
[SourceQuality "1"]

1. e4 e6 2. d4 d5 3. Nc3 Nf6 4. Bg5 Be7 5. e5 Nfd7 6. Bxe7 Qxe7 7. Nb5 Nb6 8. a4 a6 9. a5 Nc4 10. Bxc4 dxc4 11. Na3 Qb4+ 12. c3 Qxa5 13. Nxc4 Qb5 14. Qe2 0-0 15. f4 Nd7 16. Nf3 Nb6 17. Ne3 Bd7 18. c4 Qb4+ 19. Qd2 Qxd2+ 20. Kxd2 Bc6 21. Ke2 f6 22. b3 Bxf3+ 23. gxf3 Rae8 24. Rad1 Nc8 25. Rhg1 Ne7 26. Ng4 Ng6 27. Ke3 Kf7 28. Nf2 Rd8 29. Ne4 b6 30. Ra1 a5 31. Ra2 Ne7 32. Ng3 Rd7 33. Rd2 Rfd8 34. Rgd1 h6 35. h4 c6 36. h5 b5 37. Ke4 bxc4 38. bxc4 f5+ 39. Ke3 Rb8 40. Ra1 Rb4 41. Rc2 Rb3+ 42. Kf2 Rxd4 43. Ne2 Rdd3 44. Rxa5 Rxf3+ 45. Kg2 Ra3 46. Rxa3 Rxa3 47. Rb2 Ra4 48. Rc2 g5 49. hxg6+ Nxg6 50. Kf2 c5 51. Kf3 h5 52. Rc3 h4 53. Nc1 Ra1 54. Nd3 Rg1 55. Rb3 h3 56. Rb7+ Kg8 57. Rb2 Nh4+ 58. Ke3 Rg3+ 59. Ke2 Rg2+ 60. Nf2 h2 61. Rb1 Rg1 62. Rb8+ Kg7 63. Rc8 Rg2 64. Rd8 h1Q 65. Rd7+ Kg6 66. Rd8 Kf7 67. Rd6 Rxf2+ 68. Kxf2 Qf3+ 69. Ke1 Qxf4 70. Rd8 Nf3+ 71. Ke2 Nd4+ 72. Kd3 Qe4+ 73. Kd2 Qc2+ 0-1

[Event "ESP-ch U16"]
[Site "Salobrena"]
[Date "2021.07.23"]
[Round "7"]
[White "Roldan Marques, Marta"]
[Black "Arguelles Gonzalez, Victor"]
[Result "0-1"]
[WhiteElo "1921"]
[BlackElo "1662"]
[PlyCount "84"]
[EventDate "2021.07.19"]
[EventType "swiss"]
[EventRounds "9"]
[EventCountry "ESP"]
[SourceTitle "EXT 2022"]
[Source "ChessBase"]
[SourceDate "2021.10.06"]
[SourceVersion "1"]
[SourceVersionDate "2021.10.06"]
[SourceQuality "1"]

1. e4 c5 2. Nc3 Nc6 3. Bb5 Nd4 4. Bc4 e6 5. Nge2 Nxe2 6. Qxe2 a6 7. a4 Ne7 8. f4 Nc6 9. d3 Nd4 10. Qf2 g6 11. 0-0 Bg7 12. Kh1 b6 13. f5 gxf5 14. exf5 Nxf5 15. Qf3 Ra7 16. g4 Bxc3 17. Bd5 Be5 18. Qe2 f6 19. g5 Qe7 20. Bd2 Nd4 21. Qg4 f5 22. Qh5+ Kd8 23. c3 Qd6 24. Bg2 Nb3 25. Rad1 Nxd2 26. Rxd2 Bb7 27. Bxb7 Rxb7 28. d4 cxd4 29. cxd4 Qd5+ 30. Rf3 Bxd4 31. Kg2 Qe4 32. Qf7 Rc7 33. b4 Rc2 34. Rxc2 Qxc2+ 35. Kh3 Qe4 36. Rg3 Qe5 37. Rd3 f4 38. b5 a5 39. Rd1 Qe3+ 40. Kh4 Qf2+ 41. Kg4 Qe2+ 42. Kh3 Qf3+ 0-1

[Event "ESP-chT Regional U16"]
[Site "Gijon"]
[Date "2021.06.20"]
[Round "6.1"]
[White "Arguelles Gonzalez, Victor"]
[Black "Jaramago Ledo, Javier"]
[Result "1/2-1/2"]
[WhiteElo "1657"]
[BlackElo "1931"]
[PlyCount "109"]
[EventDate "2021.06.17"]
[EventType "team-swiss"]
[EventRounds "6"]
[EventCountry "ESP"]
[SourceTitle "EXT 2022"]
[Source "ChessBase"]
[SourceDate "2021.10.06"]
[SourceVersion "1"]
[SourceVersionDate "2021.10.06"]
[SourceQuality "1"]
[WhiteTeam "Castilla y Leon U16"]
[BlackTeam "Extremadura U16"]
[WhiteTeamCountry "ESP"]
[BlackTeamCountry "ESP"]

1. e4 e5 2. Nc3 Nf6 3. Bc4 Nc6 4. d3 Na5 5. a3 Nxc4 6. dxc4 a5 7. Be3 d6 8. f3 Be6 9. Qd3 g6 10. b3 b6 11. Nge2 Bg7 12. Rd1 Nd7 13. a4 f5 14. g3 fxe4 15. Nxe4 0-0 16. 0-0 Kh8 17. N2c3 Nf6 18. Rf2 Qd7 19. Kg2 Ng8 20. g4 Ne7 21. h3 Rad8 22. Nd5 h6 23. Nec3 g5 24. Ne4 Bg8 25. Rfd2 Ng6 26. Rf2 Bh7 27. Rdf1 Rf7 28. Bc1 Rdf8 29. Bd2 Nh4+ 30. Kg3 Qc8 31. Bc1 Qa8 32. Bd2 Qb7 33. Qe3 Qb8 34. Bc1 Ng6 35. Kg2 Qb7 36. Bd2 Nf4+ 37. Nxf4 exf4 38. Qd3 Re7 39. Re1 Bxe4 40. Rxe4 Rxe4 41. Qxe4 Qxe4 42. fxe4 Bd4 43. Rf1 Kg7 44. Kf3 Kg6 45. Rd1 Be5 46. Be1 h5 47. Bf2 hxg4+ 48. Kxg4 Re8 49. Kf3 Re7 50. Rg1 Kh5 51. Rg4 Rf7 52. Rg1 Re7 53. Rg4 Rf7 54. Rg1 Re7 55. Rg4 1/2-1/2

[Event "ESP-ch U14"]
[Site "Salobrena"]
[Date "2020.08.03"]
[Round "1"]
[White "Maldonado Mena, German"]
[Black "Arguelles Gonzalez, Victor"]
[Result "1-0"]
[WhiteElo "2014"]
[BlackElo "1570"]
[PlyCount "205"]
[EventDate "2020.08.03"]
[EventType "swiss"]
[EventRounds "9"]
[EventCountry "ESP"]
[SourceTitle "EXT 2021"]
[Source "ChessBase"]
[SourceDate "2020.10.23"]
[SourceVersion "1"]
[SourceVersionDate "2020.10.23"]
[SourceQuality "1"]

1. d4 Nf6 2. c4 Nc6 3. Nf3 e6 4. Nc3 Bb4 5. Qc2 h6 6. Bd2 d6 7. a3 Bxc3 8. Bxc3 0-0 9. e3 Re8 10. Rd1 Qe7 11. d5 Nb8 12. Be2 e5 13. b4 Bg4 14. h3 Bh5 15. Nh4 Bxe2 16. Nf5 Qf8 17. Qxe2 g6 18. Ng3 Nbd7 19. e4 b6 20. Nf1 Nh5 21. Ne3 Ng7 22. g4 Qe7 23. h4 f6 24. f3 h5 25. Qg2 Kf7 26. Rg1 Rg8 27. Bd2 Raf8 28. Nf1 Ke8 29. Bh6 Rf7 30. Ng3 hxg4 31. fxg4 Rh8 32. Qd2 Qd8 33. Ke2 g5 34. Bxg7 Rxg7 35. Nf5 Rgh7 36. h5 Rf7 37. Qc2 Kf8 38. Qa4 Qb8 39. Rb1 Kg8 40. Rgc1 Qa8 41. Rc2 Kh7 42. Qb3 Rhf8 43. Ng3 a5 44. Qf3 axb4 45. axb4 Qa4 46. Rbb2 b5 47. Qf5+ Kh8 48. c5 Qa3 49. Qf3 Qa6 50. Ra2 Qc8 51. cxd6 Nb6 52. Rc6 Nc4 53. dxc7 f5 54. Nxf5 Rxc7 55. Rh6+ Kg8 56. Raa6 Nb6 57. Rc6 Rxc6 58. Ne7+ Kg7 59. Nxc8 Rc2+ 60. Kd1 Rxf3 61. Kxc2 Nxc8 62. Rg6+ Kf7 63. Rxg5 Rg3 64. Rf5+ Kg7 65. g5 Rg2+ 66. Kd3 Rg3+ 67. Ke2 Rb3 68. Rxe5 Rxb4 69. Re8 Nb6 70. h6+ Kg6 71. Re6+ Kxg5 72. h7 Rb2+ 73. Kf3 Rb3+ 74. Kg2 Rb2+ 75. Kf3 Rb3+ 76. Ke2 Rb2+ 77. Kd3 Rb3+ 78. Kc2 Rh3 79. Rxb6 Rxh7 80. Rxb5 Kf4 81. Rb4 Ke5 82. Kb3 Ra7 83. Rc4 Ra8 84. Kb4 Rb8+ 85. Kc3 Ra8 86. Kd3 Rh8 87. Rd4 Rh3+ 88. Kc4 Rh8 89. d6 Rc8+ 90. Kd3 Rd8 91. d7 Ke6 92. Kc4 Kf6 93. Kc5 Ke5 94. Rd5+ Kxe4 95. Kc6 Rf8 96. d8Q Rf3 97. Qe7+ Kf4 98. Qe5+ Kg4 99. Rd4+ Kh3 100. Qh5+ Kg2 101. Rd2+ Kg1 102. Qh2+ Kf1 103. Qh1# 1-0